000 00550nam a22001937a 4500
003 MPLRDC
005 20220104142602.0
008 210129b ||||| |||| 00| 0 eng d
020 _a978-986-216-244-6
082 _a785.28 BUF-2
100 _aALICE SCHROEDER
245 _a雪球
_c杨美龄、廖建容 等译
250 _a第一版
260 _a台湾
_b天下远见出版股份有限公司
_c2008
300 _b923
490 _a财经企管: CB401A
650 _a美国人物传记--巴菲特 WARREN BUFFETT
942 _cBK
_o785.28 BUF-2
999 _c32082
_d32072